[Event "Zalakaros op"]
[Site "Zalakaros"]
[Date "1997.??.??"]
[Round "8"]
[White "Horvath, Gyula"]
[Black "Szell, Lajos"]
[Result "1-0"]
[WhiteElo "2480"]
[BlackElo "2245"]
[PlyCount "97"]
[EventDate "1997.??.??"]
[Source "www.chesslib.no"]
[SourceDate "2004.05.04"]

1. e4 e5 2. Nf3 Nc6 3. Bc4 Nf6 4. Ng5 d5 5. exd5 Na5 6. Bb5+ Bd7 7. Qe2 Be7 8. d4 exd4 9. Bd2 c6 10. d6 cxb5 11. dxe7 Qc7 12. Bxa5 Qxa5+ 13. Nd2 h6 14. Ngf3 Qb4 15. O-O-O Qxe7 16. Qxe7+ Kxe7 17. Rhe1+ Kd8 18. Ne4 Re8 19. Nxf6 Rxe1 20. Rxe1 gxf6 21. Nxd4 Rc8 22. Re4 Rc5 23. Rh4 h5 24. Kd2 b4 25. Nb3 Rb5 26. Nc1 a5 27. Nd3 Rd5 28. Ke3 Ke7 29. g3 Be6 30. b3 b6 31. f3 Rg5 32. Rd4 Bd7 33. Kf2 Be6 34. Ke3 Bd7 35. Rc4 Kd6 36. Nf2 Re5+ 37. Ne4+ Ke7 38. Kd4 Rf5 39. f4 h4 40. Rc7 hxg3 41. hxg3 Kd8 42. Rb7 Rb5 43. Nxf6 Be6 44. g4 Rc5 45. f5 Bc8 46. Rxf7 Rxc2 47. Nd5 Ba6 48. g5 a4 49. Nxb4 1-0

[Event "Corr"]
[Site "?"]
[Date "1999.08.10"]
[Round "?"]
[White "Limayo Edgardo V.(USA)"]
[Black "Leroy Jacques (BEL)"]
[Result "1/2-1/2"]
[WhiteElo "2369"]
[BlackElo "2353"]
[PlyCount "114"]
[EventDate "1999.??.??"]
[Source "www.chesslib.no"]
[SourceDate "2004.05.04"]

1. e4 e5 2. Nf3 Nc6 3. Bc4 Nf6 4. Ng5 d5 5. exd5 Na5 6. Bb5+ Bd7 7. Qe2 Bd6 8. Nc3 O-O 9. Bxd7 Qxd7 10. O-O c6 11. Qd3 Qg4 12. dxc6 Qxg5 13. Qxd6 Nxc6 14. d4 Qf5 15. dxe5 Rfd8 16. Qc5 Nd4 17. Be3 b6 18. Qc4 Qxe5 19. Bxd4 Rxd4 20. Qa6 Ng4 21. g3 Qh5 22. h4 Ne5 23. Rfd1 Nf3+ 24. Kg2 Nxh4+ 25. Kf1 Nf3 26. Kg2 Nd2 27. Qe2 Qxe2 28. Nxe2 Rd6 29. c3 Rad8 30. Nd4 Nc4 31. b3 Na3 32. Re1 Rxd4 33. cxd4 Nc2 34. Rac1 Nxe1+ 35. Rxe1 Kf8 36. Re4 Rd5 37. Kf3 f5 38. Rh4 h6 39. Ke3 Ra5 40. a4 b5 41. d5 Ke7 42. Rf4 bxa4 43. Rxf5 Ra6 44. bxa4 Rxa4 45. f3 a5 46. Re5+ Kd6 47. Re6+ Kxd5 48. Rg6 Ra3+ 49. Kf4 a4 50. Rxg7 Rc3 51. Rh7 a3 52. Rxh6 Kc4 53. g4 a2 54. Rh1 Ra3 55. Ra1 Kb3 56. g5 Kb2 57. Rxa2+ Rxa2 1/2-1/2

[Event "St Petersburg RUS"]
[Site "?"]
[Date "2006.01.22"]
[Round "6"]
[White "Novitzkij Dmitrij"]
[Black "Melnikov Dmitry"]
[Result "0-1"]
[WhiteElo "2373"]
[BlackElo "2348"]
[PlyCount "130"]
[EventDate "2006.??.??"]
[Source "www.chesslib.no"]
[SourceDate "2004.05.04"]

1. e4 e5 2. Nf3 Nc6 3. Bc4 Nf6 4. Ng5 d5 5. exd5 Na5 6. Bb5+ c6 7. dxc6 bxc6 8. Bd3 h6 9. Ne4 Nd5 10. O-O Be7 11. Nbc3 O-O 12. Be2 f5 13. Ng3 Bd6 14. d3 Rb8 15. a3 Be6 16. Bf3 Qh4 17. Bd2 Nb7 18. Re1 a5 19. Nf1 Rbd8 20. g3 Qf6 21. Nxd5 cxd5 22. c4 e4 23. cxd5 Bxd5 24. Bc3 Qf7 25. Bh5 g6 26. dxe4 fxe4 27. Ne3 Bc5 28. Qg4 Kh7 29. Nxd5 Rxd5 30. Bxg6+ Qxg6 31. Qxg6+ Kxg6 32. Rxe4 Rxf2 33. Kh1 Nd6 34. Re6+ Kh7 35. Rae1 Rh5 36. h4 Nf5 37. Be5 Nxh4 38. g4 Nf3+ 39. gxh5 Nxe1 40. Bg3 Rf1+ 41. Kh2 Nf3+ 42. Kg2 Nd2 43. Rc6 Rf5 44. Be1 Rg5+ 45. Kh3 Rxh5+ 46. Kg4 Rg5+ 47. Kf4 Nb3 48. Bc3 Bd4 49. Rc7+ Rg7 50. Rc4 Rf7+ 51. Ke4 Bxc3 52. Rxc3 Rb7 53. Kf5 Nd4+ 54. Ke5 Nb3 55. Kf5 h5 56. a4 h4 57. Kg5 Rb4 58. Rc7+ Kg8 59. Kg6 Kf8 60. Kf6 Ke8 61. Ke6 Nd4+ 62. Kd5 Rxa4 63. Rh7 Nf3 64. Rh8+ Kf7 65. Rh5 Kg6 0-1

[Event "otb"]
[Site "otb"]
[Date "2007.03.20"]
[Round "6"]
[White "Mustafaev Jamshid"]
[Black "Safin Shukhrat"]
[Result "0-1"]
[WhiteElo "2257"]
[BlackElo "2459"]
[PlyCount "70"]
[Source "www.chesslib.no"]
[SourceDate "2004.05.04"]

1. e4 e5 2. Nf3 Nc6 3. Bc4 Nf6 4. Ng5 d5 5. exd5 Na5 6. Bb5+ c6 7. dxc6 bxc6 8. Qf3 Be7 9. Bd3 h6 10. Ne4 Nd5 11. Ng3 g6 12. h4 h5 13. b4 Nxb4 14. Bb2 Nxd3+ 15. cxd3 O-O 16. Bxe5 Bg4 17. Qe3 Re8 18. Ne4 Bxh4 19. Bc3 Bg5 20. f4 f5 21. fxg5 fxe4 22. O-O exd3 23. Qc5 Qb6 24. Bd4 Qxc5 25. Bxc5 Nc4 26. Rc1 Be6 27. Rc3 Bd5 28. Na3 Nxd2 29. Rxd3 Re2 30. Rg3 Rae8 31. Rc1 Re1+ 32. Rxe1 Rxe1+ 33. Kf2 Rc1 34. Be3 Ne4+ 35. Ke2 Nxg3+ 0-1

[Event "Malaga op"]
[Site "Malaga"]
[Date "1999.02.09"]
[Round "7"]
[White "Zurek, Milan"]
[Black "Terron Elena, Francisco Miguel"]
[Result "0-1"]
[WhiteElo "2458"]
[BlackElo "2252"]
[PlyCount "58"]
[EventDate "1999.02.03"]
[Source "ChessBase"]
[SourceDate "1999.03.01"]

1. e4 e5 2. Nf3 Nc6 3. Bc4 Nf6 4. Ng5 d5 5. exd5 Na5 6. Bb5+ Bd7 7. Bxd7+ Qxd7 8. Nc3 Nxd5 9. Nf3 Nc6 10. O-O O-O-O 11. Re1 f6 12. d3 g5 13. h3 h5 14. Nh2 Kb8 15. Nxd5 Qxd5 16. Qf3 Qxf3 17. Nxf3 g4 18. hxg4 hxg4 19. Nh2 Nd4 20. Re4 f5 21. Bg5 fxe4 22. Bxd8 g3 23. Ng4 Ne2+ 24. Kf1 Rh1+ 25. Kxe2 Rxa1 26. Nxe5 gxf2 27. Kxf2 exd3 28. cxd3 Rxa2 29. Nd7+ Kc8 0-1

[Event "Mar del Plata Open"]
[Site "Mar del Plata ARG"]
[Date "1993.??.??"]
[Round "9"]
[White "Langier, Daniel"]
[Black "Vasta, Eduardo"]
[Result "0-1"]
[WhiteElo "2315"]
[BlackElo "2395"]
[PlyCount "86"]
[EventDate "1993.05.??"]
[Source "www.chesslib.no"]
[SourceDate "2004.05.04"]

1. e4 e5 2. Nf3 Nc6 3. Bc4 Nf6 4. Ng5 d5 5. exd5 Na5 6. Bb5+ c6 7. dxc6 bxc6 8. Qf3 Qc7 9. Bd3 Bg4 10. Qg3 h5 11. Ne4 Nd5 12. h3 Bd7 13. b4 h4 14. Qg5 Nf4 15. Bb2 Rh5 16. Qxh5 Nxh5 17. bxa5 Rb8 18. Bc3 Nf4 19. O-O f5 20. Ng5 Nxd3 21. cxd3 Bd6 22. Re1 Kf8 23. a4 Re8 24. Na3 Qd8 25. Nc4 Qxg5 26. Nxd6 Re6 27. Bb4 Kg8 28. f3 Rg6 29. Re2 Qf4 30. Bc3 Rxd6 31. Bxe5 Qb4 32. Rae1 Re6 33. Bc3 Rxe2 34. Rxe2 Qc5+ 35. Kh1 Kf7 36. Re1 g5 37. Rb1 Kg6 38. Rb8 Qd5 39. Rf8 g4 40. fxg4 fxg4 41. hxg4 h3 42. Rf2 c5 43. Kh2 hxg2 0-1

[Event "Bergamo op 1st"]
[Site "Bergamo"]
[Date "2002.07.28"]
[Round "5"]
[White "Belotti, Bruno"]
[Black "Ferretti, Folco"]
[Result "1-0"]
[WhiteElo "2430"]
[BlackElo "2279"]
[PlyCount "75"]
[EventDate "2002.07.26"]
[Source "ChessBase"]
[SourceDate "2002.09.11"]

1. e4 e5 2. Nf3 Nc6 3. Bc4 Nf6 4. Ng5 d5 5. exd5 Na5 6. Bb5+ Bd7 7. Qe2 Bd6 8. Nc3 O-O 9. Bxd7 Qxd7 10. a3 h6 11. Nge4 Nxe4 12. Nxe4 b5 13. d3 f5 14. Nxd6 cxd6 15. O-O Rae8 16. b4 Nb7 17. Bb2 f4 18. f3 Rf5 19. c4 Nd8 20. a4 bxa4 21. Qc2 Qf7 22. Rxa4 Re7 23. Rfa1 g5 24. Qf2 g4 25. fxg4 Rg5 26. Rxa7 Rxg4 27. Rxe7 Qxe7 28. Ra8 Kh8 29. h3 Rg7 30. Qf3 Kh7 31. Qe4+ Rg6 32. b5 Nf7 33. Qf5 Ng5 34. Kh2 f3 35. g4 Qf6 36. Rf8 Qe7 37. b6 Qb7 38. Rf6 1-0

[Event "St Petersburg RUS"]
[Site "?"]
[Date "2006.01.18"]
[Round "2"]
[White "Petrenko Svetlana"]
[Black "Kochetkova Julia"]
[Result "1-0"]
[WhiteElo "2346"]
[BlackElo "2361"]
[PlyCount "57"]
[EventDate "2006.??.??"]
[Source "www.chesslib.no"]
[SourceDate "2004.05.04"]

1. e4 e5 2. Nf3 Nc6 3. Bc4 Nf6 4. Ng5 d5 5. exd5 Na5 6. Bb5+ c6 7. dxc6 bxc6 8. Bd3 Be7 9. O-O O-O 10. Nc3 h6 11. Nf3 Bd6 12. Re1 Re8 13. b3 Bg4 14. h3 Bd7 15. Bb2 Nb7 16. Be4 Nc5 17. d4 Ncxe4 18. Nxe4 Nxe4 19. dxe5 Bf5 20. exd6 Qxd6 21. Qd4 Qf8 22. Ne5 Red8 23. Qc4 Nd2 24. Qf4 Bxc2 25. Nxc6 Rd7 26. Nd4 Rxd4 27. Bxd4 Qb4 28. a3 Qa5 29. Re5 1-0

[Event "Budapest HUN"]
[Site "?"]
[Date "2002.12.15"]
[Round "9"]
[White "Jakab Attila"]
[Black "Lengyel Bela"]
[Result "1-0"]
[WhiteElo "2367"]
[BlackElo "2338"]
[PlyCount "71"]
[EventDate "2002.??.??"]
[Source "www.chesslib.no"]
[SourceDate "2004.05.04"]

1. e4 e5 2. Nf3 Nc6 3. Bc4 Nf6 4. Ng5 d5 5. exd5 Na5 6. Bb5+ c6 7. dxc6 bxc6 8. Qf3 Rb8 9. Bxc6+ Nxc6 10. Qxc6+ Bd7 11. Qc4 Qe7 12. Nc3 Rb4 13. Qc7 h6 14. a3 Rb6 15. Nf3 e4 16. Ne5 Bf5 17. Qxe7+ Bxe7 18. O-O O-O 19. Nc4 Rc6 20. b3 Rd8 21. Re1 Re6 22. Bb2 Bg6 23. Nb5 Bc5 24. b4 Bb6 25. Nxb6 axb6 26. Bd4 Nd5 27. c3 f5 28. a4 Bh5 29. a5 bxa5 30. bxa5 Rg6 31. a6 Bf3 32. g3 f4 33. a7 Ra8 34. c4 fxg3 35. fxg3 Nf4 36. Nc7 1-0

[Event "Lloyds Bank op"]
[Site "London"]
[Date "1985.??.??"]
[Round "?"]
[White "Carlier, Bruno"]
[Black "Condie, Mark L"]
[Result "1-0"]
[WhiteElo "2300"]
[BlackElo "2405"]
[PlyCount "71"]
[EventDate "1985.08.??"]
[Source "ChessBase"]

1. e4 e5 2. Nf3 Nc6 3. Bc4 Nf6 4. Ng5 d5 5. exd5 Na5 6. Bb5+ c6 7. dxc6 bxc6 8. Qf3 Rb8 9. Bd3 h6 10. Ne4 Nd5 11. b3 g6 12. Bb2 Bg7 13. Qg3 Qc7 14. Ba3 Nb7 15. Ba6 Bf5 16. f3 Bxe4 17. fxe4 Nf4 18. Bxb7 Rxb7 19. Qf3 Bf8 20. Bxf8 Kxf8 21. g3 Ne6 22. O-O Kg8 23. Na3 h5 24. Nc4 h4 25. Qf6 hxg3 26. hxg3 Qd7 27. Qxe5 Nd4 28. Nd6 Qh3 29. Qe8+ Kg7 30. Rxf7+ Rxf7 31. Qxf7+ Kh6 32. Qf4+ Kh5 33. Kf2 c5 34. g4+ Kh4 35. Qf6+ Kxg4 36. Rg1+ 1-0

[Event "First Saturday 2007 febbraio GM"]
[Site "Budapest UNG"]
[Date "2007.02.07"]
[Round "4"]
[White "Krivokapic, Marko"]
[Black "Somborski, Nebojsa"]
[Result "1/2-1/2"]
[WhiteElo "2342"]
[BlackElo "2362"]
[PlyCount "116"]
[EventDate "2007.02.04"]
[Source "www.chesslib.no"]
[SourceDate "2004.05.04"]

1. e4 e5 2. Nf3 Nc6 3. Bc4 Nf6 4. Ng5 d5 5. exd5 Na5 6. Bb5+ c6 7. dxc6 bxc6 8. Qf3 Rb8 9. Bxc6+ Nxc6 10. Qxc6+ Nd7 11. d3 Be7 12. Nf3 O-O 13. Qe4 Rb6 14. O-O Bb7 15. Qe2 Rg6 16. Nbd2 f5 17. Nc4 Qa8 18. Kh1 e4 19. dxe4 fxe4 20. Ne1 Ba6 21. Be3 Ne5 22. b3 Qc8 23. Rg1 Nxc4 24. bxc4 Bxc4 25. Qd2 Rd8 26. Qc1 Be2 27. c3 Qc4 28. Qb2 Bd6 29. Qb3 a6 30. Nc2 Rc8 31. Nd4 Bd3 32. Nf5 Bf8 33. Bd4 Rgc6 34. Rge1 Qf7 35. Ng3 Re6 36. Rad1 Ree8 37. Qxf7+ Kxf7 38. f3 Bc4 39. Nxe4 Bxa2 40. Ra1 Bc4 41. Reb1 Rb8 42. Rxb8 Rxb8 43. Kg1 h6 44. Bc5 Rb2 45. h3 Rc2 46. Bxf8 Kxf8 47. Nc5 Rxc3 48. Nxa6 Bxa6 49. Rxa6 Kf7 50. Kh2 h5 51. Kg3 Rc2 52. Ra3 h4+ 53. Kh2 g5 54. f4 gxf4 55. Ra4 Kg6 56. Rxf4 Kg5 57. Rg4+ Kh5 58. Re4 Rc1 1/2-1/2

[Event "Corr"]
[Site "?"]
[Date "2003.01.31"]
[Round "?"]
[White "Houwen Piet J.van der (NED"]
[Black "Matisson Jean-Marie (FRA)"]
[Result "1-0"]
[WhiteElo "2350"]
[BlackElo "2353"]
[PlyCount "99"]
[EventDate "2003.??.??"]
[Source "www.chesslib.no"]
[SourceDate "2004.05.04"]

1. e4 e5 2. Nf3 Nc6 3. Bc4 Nf6 4. Ng5 d5 5. exd5 Na5 6. Bb5+ c6 7. dxc6 bxc6 8. Qf3 Rb8 9. Bd3 h6 10. Ne4 Nd5 11. b3 Nf4 12. Bb2 Nxd3+ 13. cxd3 Qd5 14. Qg3 Rb7 15. Nbc3 Qd8 16. Qxe5+ Re7 17. Qh5 Nb7 18. O-O Re6 19. Rfe1 g6 20. Qf3 Bg7 21. Nc5 Nxc5 22. Qxc6+ Kf8 23. Qxc5+ Kg8 24. Qxa7 Qxd3 25. Rxe6 Bxe6 26. Qe3 Qc2 27. Ba3 Kh7 28. Rc1 Qf5 29. d4 Re8 30. f4 g5 31. Bc5 gxf4 32. Qe4 Qxe4 33. Nxe4 Kg6 34. Nc3 Rd8 35. Ne2 Kf5 36. Rf1 Ke4 37. Rxf4+ Ke3 38. Kf1 Kd2 39. h3 Kc2 40. Rf2 Kb2 41. Nf4+ Kb1 42. Rd2 Bf5 43. Ne2 Bc2 44. d5 h5 45. Kf2 Bh6 46. Be3 Bf8 47. Nc3+ Kb2 48. Nd1+ Kb1 49. Bb6 Rd7 50. Nc3+ 1-0